000 00750nam a22002177a 4500
001 48253
003 BD-RjUL
005 20211209054503.0
008 160813s1956 ii ||||| |||| 00| 0 ben d
035 _a(BD-RjUL)48372
040 _aBD-RjUL
_bben
_cBD-RjUL
041 _aben
082 _223
_a891.442
_bISB 1956
100 _aইসলাম, মোজহারুল
_9146116
245 1 0 _aবিচারকের ফাঁসি /
_cমোজহারুল ইসলাম
260 _aকলিকাতা :
_bবুলবুল প্রকাশন,
_c১৯৫৬
300 _a৬২ পৃ. ;
_c১৭ সেমি.
650 _aবাংলা নাটক
_9146126
650 _aBengali Drama
_9146127
942 _2ddc
_cBK
999 _c48253
_d48253